000 00586cam a22002051 4500
001 e 13001493
003 DLC
005 20260227111200.0
008 920710s1912 gw 000 0 ger c
010 _ae 13001493
035 _a(OCoLC)26172007
040 _aU.S. Office of Education
_cGEU-T
_dDLC
050 0 0 _aBR853
_b.K63
100 1 _aKönig, Karl,
_d1868-
245 0 0 _aStaat und Kirche;
_bder deutsche Weg zur Zukunft.
250 _a1. und 2. tausend.
260 _aJena,
_bE. Diederichs,
_c1912.
300 _a2 p. l., 3-78 p.
_c22 cm.
650 0 _aChurch and state
_zGermany.
999 _c19554
_d19554